<?xml version="1.0" encoding="UTF-8"?><marc:collection xmlns:marc="http://www.loc.gov/MARC21/slim">
  <marc:record>
    <marc:leader>00000nam##2200000za#4500</marc:leader>
    <marc:controlfield tag="001">9.626717</marc:controlfield>
    <marc:controlfield tag="003">CaOODSP</marc:controlfield>
    <marc:controlfield tag="005">20210615104704</marc:controlfield>
    <marc:controlfield tag="007">ta</marc:controlfield>
    <marc:controlfield tag="008">150406|2004||||xxc|||||     f|0| 0 fre|d</marc:controlfield>
    <marc:datafield tag="040" ind1=" " ind2=" ">
      <marc:subfield code="a">CaOODSP</marc:subfield>
      <marc:subfield code="b">fre</marc:subfield>
    </marc:datafield>
    <marc:datafield tag="043" ind1=" " ind2=" ">
      <marc:subfield code="a">n-cn---</marc:subfield>
    </marc:datafield>
    <marc:datafield tag="086" ind1="1" ind2=" ">
      <marc:subfield code="a">NH18-22/104-122F</marc:subfield>
    </marc:datafield>
    <marc:datafield tag="110" ind1="2" ind2=" ">
      <marc:subfield code="a">Société canadienne d'hypothèques et de logement.</marc:subfield>
    </marc:datafield>
    <marc:datafield tag="245" ind1="1" ind2="0">
      <marc:subfield code="a">Comparaison et analyse des programmes provinciaux de formation de l'industrie de la construction et de la rénovation </marc:subfield>
    </marc:datafield>
    <marc:datafield tag="260" ind1=" " ind2=" ">
      <marc:subfield code="b">Société canadienne d'hypothèques et de logement </marc:subfield>
      <marc:subfield code="c">2004.</marc:subfield>
    </marc:datafield>
    <marc:datafield tag="300" ind1=" " ind2=" ">
      <marc:subfield code="a">5p. : </marc:subfield>
      <marc:subfield code="b">tableau ; </marc:subfield>
      <marc:subfield code="c">28 cm.</marc:subfield>
    </marc:datafield>
    <marc:datafield tag="490" ind1="1" ind2=" ">
      <marc:subfield code="a">Le point en recherche. Série technique </marc:subfield>
      <marc:subfield code="v">04-122</marc:subfield>
    </marc:datafield>
    <marc:datafield tag="520" ind1="3" ind2=" ">
      <marc:subfield code="a">Ces rapports techniques résument un large éventail d’études, de rapports et d’ouvrages divers relatifs au logement. Ils se penchent sur des questions aussi diversifiées que l’aménagement paysager à peu d’entretien dans le Nord; les possibilités d’action pour obtenir des environnements intérieurs sains; et divers aspects de la performance des installations, comme la performance de l’enveloppe de tours d’habitation, la performance de divers matériaux de construction, et l’évaluation de la performance d’installations de chauffage urbain.</marc:subfield>
    </marc:datafield>
    <marc:datafield tag="563" ind1=" " ind2=" ">
      <marc:subfield code="a">Dépliant</marc:subfield>
    </marc:datafield>
    <marc:datafield tag="590" ind1=" " ind2=" ">
      <marc:subfield code="a">04-41</marc:subfield>
      <marc:subfield code="b">2004-10-08</marc:subfield>
    </marc:datafield>
    <marc:datafield tag="775" ind1="0" ind2="8">
      <marc:subfield code="t">Comparison and analysis of provincial builder and renovator industry programs </marc:subfield>
      <marc:subfield code="w">(CaOODSP)9.617092</marc:subfield>
    </marc:datafield>
    <marc:datafield tag="776" ind1="0" ind2="#">
      <marc:subfield code="t">Comparaison et analyse des programmes provinciaux de formation de l'industrie de la construction et de la rénovation </marc:subfield>
      <marc:subfield code="w">(CaOODSP)9.608021</marc:subfield>
    </marc:datafield>
    <marc:datafield tag="830" ind1="#" ind2="0">
      <marc:subfield code="a">Le point en recherche. Série technique ;</marc:subfield>
      <marc:subfield code="v">04-122</marc:subfield>
      <marc:subfield code="w">(CaOODSP)9.513179</marc:subfield>
    </marc:datafield>
  </marc:record>
</marc:collection>
